000 01905nam0a2200385 4500
001 RU\NLR\BIBL_A\022596042
005 20251219085648.0
010 _a978-5-17-174768-8
_bБыстрые заготовки
_91000
021 _aRU
_bКН-П-25-033785
_9КН-П-25-3339
021 _aRU
_bКН-П-25-033853
_9КН-П-25-3345
035 _a(NLR Aleph) 022596042
090 _a13506355
_c13506355
100 _a20250804d2025 u y0rusy50 ca
101 0 _arus
102 _aRU
105 _aa g 000yy
181 0 _ai
_bxxxe
182 0 _an
200 1 _aБыстрые заготовки
_e[коллекция лучших рецептов]
_fРошаль В. М.
_g[иллюстрации: Пинхасова Г. А.]
203 _aТекст
_bвизуальный
_cнепосредственный
210 _aМосква
_cАСТ, Кладезь
_d2025
215 _a158, [1] с.
_cил.
_d21
225 1 _aЗаготовки на зиму
300 _aОписано по пер. На тит. с. 2 варианта полигр. оформ.: "Быстрые заготовки" и "Быстрые заготовки на зиму"
300 _aНа задней сторонке пер. авт.: В. Рошаль – кулинар
333 _a12+
451 0 _12001#$aБыстрые заготовки на зиму
_tБыстрые заготовки на зиму
606 1 _aДомашнее консервирование
_92074062
_3RU\NLR\AUTH\661249026
686 1 _aЛ910я9
700 1 _7ca
_8rus
_aРошаль
_bВ. М.
_gВиктория Михайловна
_9112891
_3RU\NLR\AUTH\772884
702 1 _aПинхасова
_bГ. А.
_gГлафира Александровна
_4440
942 _cBOOK
980 _aNB